| 000 | 00570nam a2200217 u 4500 | ||
|---|---|---|---|
| 005 | 20230202063731.0 | ||
| 008 | 180207s1996 r 000 0 eng d | ||
| 020 | _a9681903234 | ||
| 035 | _aUPN01000222789 | ||
| 049 | _aCG | ||
| 050 | 4 |
_aPQ7298.13 A7.9 _bA5.3 |
|
| 100 | 1 |
_aCasar, Eduardo, _d1952- _941555 |
|
| 245 | 1 | 0 |
_aAmaneceres del Husar / _cEduardo Casar. |
| 260 |
_aMéxico : _bAlfaguara, _c1996. |
||
| 300 | _a126 p. | ||
| 440 | 0 | _aAlfaguara | |
| 650 | 4 |
_aNovela mexicana _ySiglo XX _96052 |
|
| 905 | _aLibro | ||
| 999 |
_c194886 _d194886 |
||